Sparrows of Virginia - Statistics

General Stats
  • This quiz has been taken 2 times
  • The average score is 10 of 29
Answer Stats
Picture Answer % Correct
White-throated Sparrow
100%
American Tree Sparrow
50%
Chipping Sparrow
50%
Clay-colored Sparrow
50%
Dark-eyed Junco
50%
Eastern Towhee
50%
Field Sparrow
50%
Fox Sparrow
50%
Grasshopper Sparrow
50%
House Sparrow
50%
Lark Sparrow
50%
Savannah Sparrow
50%
Seaside Sparrow
50%
Song Sparrow
50%
Spotted Towhee
50%
Swamp Sparrow
50%
Vesper Sparrow
50%
White-crowned Sparrow
50%
Bachman's Sparrow
0%
Black-throated Sparrow
0%
Brewer's Sparrow
0%
Green-tailed Towhee
0%
Harris's Sparrow
0%
Henslow's Sparrow
0%
Lark Bunting
0%
LeConte's Sparrow
0%
Lincoln's Sparrow
0%
Nelson's Sparrow
0%
Saltmarsh Sparrow
0%
No matching quizzes found
Score Distribution
Percent of People with Each Score
Percentile by Number Answered
Your Score History
You have not taken this quiz